000 00828nmm a2200277 a 4500
001 ocm000576586
003 TR-IsHL
005 20201028121537.0
008 130705s2001 tu tur
007 cr cn
020 _a9789757763970
035 _a576586
_b(N$T)
050 0 4 _aLB1707
_b.T46 2001
090 0 4 _aLB1707
_b.T46 2001
100 1 _aTemiz, Yunus
245 1 0 _aÖğretmenlik, eğitim, aydınlatma
_h[electronic resource] /
_cYunus Temiz
250 _a1. bs.
260 _aBursa :
_bEzgi Kitabevi,
_c2001
300 _a212 p.
650 4 _aEğitim
650 4 _aEducation
650 0 _aÖğretmenler
_x Eğitilmesi
650 0 _aTeachers
_x Training of
650 7 _aEDUCATION / General
_2bisacsh
856 4 0 _uhttp://search.ebscohost.com/login.aspx?direct=true&scope=site&db=e011xww&AN=576586
999 _c1382
_d1382